Lanean...

Recent trends in education : vol.3 - lifelong education

Xehetasun bibliografikoak
Egile nagusia: Uttam Kumar Singh
Beste egile batzuk: A.K.Nayak
Formatua: Printed Book
Argitaratua: New Delhi: Commonwealth publishers, 1997.
Gaiak:
LEADER 00493cam a2200157ua 4500
020 |a 817169-411-X 
082 |a 370  |b REC.3 
100 |a Uttam Kumar Singh,  
245 0 0 |a Recent trends in education : vol.3 - lifelong education 
260 |a New Delhi:  |b Commonwealth publishers,  |c 1997. 
300 |a 306p.. 
650 0 |a Education 
700 0 2 |a A.K.Nayak  
942 |c REF 
999 |c 8276  |d 8276 
952 |0 0  |1 0  |4 0  |6 370_REC_300000000000000  |7 0  |9 8647  |a KUCL  |b KUCL  |d 2014-05-23  |l 0  |o 370 REC.3  |p 01555  |r 2017-03-04  |y REF